00763nam a22001457a 450000500170000000800410001702000180005805000150007610000190009124500540011026000490016430000240021350000190023750503610025620230621154055.0230620b ||||| |||| 00| 0 eng d a9780198745204 aKD7869.A42 aAllen, Mischa. aConcentrate Q & A: Criminal law. /cMischa Allen. aNew York: bOxford University Press, c2016. axv, 219 p.:c23 cm. aIncludes index aContents: Exam skills for success in criminal law -- Fundamental principles of criminal liability-actus reus and mens rea -- Murder and manslaughter -- Non-fatal offences against the person -- Sexual offences -- Property offences -- Defenses -- Secondary liability and inchoate offences -- Mixed questions -- Skills for success in coursework assessments --